000
00234nam a22001217a 4500
040
_c
HS
082
_a
636
100
_a
NA
245
_a
dictionaire des medicaments veterinaires
260
_a
RUA
_b
NA
_c
NA
300
_a
NA
942
_c
FB
999
_c
9872
_d
9872